Statistics for European Union Countries With Greatest Income Equality

Click here to take the quiz!

General Stats

  • This quiz has been taken 99 times
  • The average score is 8 of 10

Answer Stats

Global RankAnswer% Correct
4Sweden
98%
10Finland
96%
2Denmark
95%
14Germany
92%
18Austria
83%
10Hungary
76%
15Slovenia
73%
6Slovakia
71%
5Czech Republic
66%
19Bulgaria
53%

Score Distribution

Percentile by Number Answered

Percent of People with Each Score

Your Score History

You have not taken this quiz